Normal view
MARC view
Entry Personal Name
001 - CONTROL NUMBER
- control field: 17989
003 - CONTROL NUMBER IDENTIFIER
- control field: ARRUPE
005 - DATE AND TIME OF LATEST TRANSACTION
- control field: 20150713134349.0
008 - FIXED-LENGTH DATA ELEMENTS
- fixed length control field: 150713|| aca||aabn | a|a d
040 ## - CATALOGING SOURCE
- Original cataloging agency: ARRUPE
- Transcribing agency: ARRUPE
100 ## - HEADING--PERSONAL NAME
- Personal name: Tuchman, Barbara Wertheim.
670 ## - SOURCE DATA FOUND
- Source citation: Work cat.: (ARRUPE)0: Tuchman, Barbara Wertheim., Bible and sword :, 1984, c1956.